01517nam a2200337Ia 4500001001200000003000800012006001900020007001500039008004100054010001700095020001500112040002100127035002000148050002200168082003200190110007600222245021100298250002300509260004900532300001600581490006000597533015200657650003000809650003000839655002900869710001700898740006500915830005600980856012601036999001701162ebr10056819CaPaEBRm u cr cn|||||||||820908s1982 dcu s 000 0 eng d z 82014486  z030903325X aCaPaEBRcCaPaEBR a(OCoLC)7077300114aSF95b.N32 1982eb04a636.08/52 sa636/.974442192 aNational Research Council (U.S.).bSubcommittee on Furbearer Nutrition.10aNutrient requirements of mink and foxesh[electronic resource] /cSubcommittee on Furbearer Nutrition, Committee on Animal Nutrition, Board on Agriculture and Renewable Resources, National Research Council. a2nd rev. ed. 1982. aWashington :bNational Academy Press,c1982. aviii, 72 p.1 aNutrient requirements of domestic animals ;vno.7, 1982 aElectronic reproduction.bPalo Alto, Calif. :cebrary,d2009.nAvailable via World Wide Web.nAccess may be limited to ebrary affiliated libraries. 0aMinksxFeeding and feeds. 0aFoxesxFeeding and feeds. 7aElectronic books.2local2 aebrary, Inc.02aNutrient requirements of mink and foxes. 2nd rev. ed., 1982. 0aNutrient requirements of domestic animals ;vno. 7.40uhttp://site.ebrary.com/lib/rucke/Doc?id=10056819zAn electronic book accessible through the World Wide Web; click to view c70292d70292